01079nam a2200277 a 450000100100000000500170001000800410002702000150006804000250008308200270010810000370013524500820017225000120025426000510026630000270031749000410034450400270038559000270041260000610043965100470050070000310054783000440057891000370062295201250065999900170078400004479220240302073951.0110211s2011 dr a 000 0 spa d a9993483443 aDO-SdBNPbspacBNPHU a922.27293bS211C, 20111 aCassá, Roberto, d1948-91088810aAntonio Sánchez Valverde /cRoberto Cassá ; ilustraciones Ramiro Manzano. a3a. ed. aSanto Domingo :bTobogan,c2011.fAlfa y Omega a47 p. :bil. ;c22 cm.1 aBiografías dominicanas Tobogán ; aBibliografía : p. 47 aInventariado, 2018/ YL14aSÁNCHEZ VALVERDE, ANTONIOcSACERDOTEd1729-1790951687 4aRepública DominicanaxBiografías9132512aManzano, Ramiro,eil.9768 0aBiografías dominicanas Tobogán9769 aValidado. Control de calidad MFF 0010718PDaPDbPDcHDd2015-01-12iLF1l0o922.27293 S211C, 2011p44792-10r2020-06-25w2020-06-25yLFPDZNo se presta c44281d44281